000 00822cam a22002531 4500
001 sa 68001969
003 DLC
005 20260227112438.0
008 900711s1965 ii 000 0 sano
010 _asa 68001969
035 _a(OCoLC)21989353
040 _aDLC
_cWaU
_dDLC
041 0 _asaneng
042 _apremarc
050 0 0 _aBL1130.A353
_bV5
130 0 _aViṣṇusahasranāma.
245 1 0 _aŚrī Viṣṇusahasranāmastotram.
_bSri Vishnu sahasranama stotram, with namavali.
_cIntrod., English rendering and index by Swami Vimalananda.
260 _aTirupparaitturai,
_bTapovanam Pub. House
_c[1965]
300 _a200 p.
_c19 cm.
500 _aEnglish and Sanskrit; introd. in English.
650 0 _aVishnu (Hindu deity)
700 0 _aVimalananda,
_cSwami.
740 0 _aSri Vishnu sahasranama stotram.
999 _c78354
_d78354